Empires and barbarians: the fall of Rome and the birth of Europe (Record no. 15883)
[ view plain ]
| 000 -LEADER | |
|---|---|
| fixed length control field | 00392nam a2200133Ia 4500 |
| 008 - FIXED-LENGTH DATA ELEMENTS--GENERAL INFORMATION | |
| fixed length control field | 191206s9999 xx 000 0 und d |
| 020 ## - INTERNATIONAL STANDARD BOOK NUMBER | |
| International Standard Book Number | 9780199735600 (hardb |
| 090 ## - | |
| -- | D135.H436 |
| 245 #0 - TITLE STATEMENT | |
| Title | Empires and barbarians: the fall of Rome and the birth of Europe |
| 260 ## - PUBLICATION, DISTRIBUTION, ETC. | |
| Place of publication, distribution, etc. | Oxford University Press |
| 260 ## - PUBLICATION, DISTRIBUTION, ETC. | |
| Date of publication, distribution, etc. | c2010 |
| 300 ## - PHYSICAL DESCRIPTION | |
| Extent | "xvii, 734 p. : maps ; 25 cm." |
| Withdrawn status | Lost status | Source of classification or shelving scheme | Damaged status | Not for loan | Home library | Current library | Date acquired | Total Checkouts | Full call number | Barcode | Date last seen | Price effective from | Koha item type |
|---|---|---|---|---|---|---|---|---|---|---|---|---|---|
| CUZ Bulawayo Campus | CUZ Bulawayo Campus | 06.12.2019 | D135.H436 | BBK000555 | 06.12.2019 | 06.12.2019 | OS Book |